| Tag |
First Indicator |
Second Indicator |
Subfields |
| LEADER |
00000cam a2200000La 4500 |
| 001 |
in00001745430 |
| 005 |
20220105121851.0 |
| 006 |
m u |
| 007 |
cr cn- |
| 008 |
001009s1998 nhua sb 001 0 eng d |
| 010 |
|
|
|z 97015874
|
| 020 |
|
|
|a 0585265496 (electronic bk.) :
|c $22.95
|
| 020 |
|
|
|z 0874518423 (pbk.)
|
| 035 |
|
|
|a (OCoLC)ocm45734105
|
| 040 |
|
|
|a N$T
|c N$T
|d OCL
|d UtOrBLW
|
| 043 |
|
|
|a n-us---
|
| 049 |
|
|
|a IKMN
|
| 050 |
1 |
4 |
|a E184.J5
|b T25 1998eb
|
| 082 |
0 |
4 |
|a 973/.004924
|2 21
|
| 245 |
0 |
0 |
|a Talking back :
|b images of Jewish women in American popular culture /
|c edited by Joyce Antler.
|
| 264 |
|
1 |
|a Hanover, NH :
|b Brandeis University Press Published by University Press of New England,
|c [1998]
|
| 264 |
|
4 |
|c ©1998
|
| 300 |
|
|
|a xi, 301 pages :
|b illustrations ;
|c 23 cm.
|
| 336 |
|
|
|a text
|b txt
|2 rdacontent
|
| 337 |
|
|
|a computer
|b c
|2 rdamedia
|
| 338 |
|
|
|a online resource
|b cr
|2 rdacarrier
|
| 490 |
1 |
|
|a Brandeis series in American Jewish history, culture, and life
|
| 504 |
|
|
|a Includes bibliographical references (pages 253-285) and index.
|
| 533 |
|
|
|a Electronic reproduction.
|b Boulder, Colo. :
|c NetLibrary,
|d 2000.
|n Available via World Wide Web.
|n Access may be limited to NetLibrary affiliated libraries.
|
| 500 |
|
|
|a Electronic resource.
|
| 650 |
|
0 |
|a Jewish women
|z United States
|x Social life and customs.
|
| 650 |
|
0 |
|a Jews in literature.
|0 http://id.loc.gov/authorities/subjects/sh85070511
|
| 650 |
|
0 |
|a Women in popular culture
|z United States.
|0 http://id.loc.gov/authorities/subjects/sh2010118877
|
| 651 |
|
0 |
|a United States
|x Ethnic relations.
|0 http://id.loc.gov/authorities/subjects/sh85140043
|
| 655 |
|
7 |
|a Electronic books.
|2 local
|
| 700 |
1 |
|
|a Antler, Joyce.
|0 http://id.loc.gov/authorities/names/n85282424
|
| 710 |
2 |
|
|a NetLibrary, Inc.
|0 http://id.loc.gov/authorities/names/no99080690
|
| 776 |
1 |
|
|c Original
|w (DLC) 97015874
|w (OCoLC)36954518
|
| 830 |
|
0 |
|a Brandeis series in American Jewish history, culture, and life.
|0 http://id.loc.gov/authorities/names/n92074755
|
| 856 |
4 |
1 |
|u https://proxy.library.tamu.edu/login?url=http://www.netLibrary.com/urlapi.asp?action=summary&v=1&bookid=34484
|z Connect to the full text of this electronic book
|t 0
|
| 994 |
|
|
|a 92
|b IKM
|
| 999 |
|
|
|a MARS
|
| 999 |
f |
f |
|s f6f68fdf-44a7-3acb-b2a1-d76d98901007
|i afbeada1-417f-3427-a850-bfcf7407aa03
|t 0
|
| 952 |
f |
f |
|a Texas A&M University
|b College Station
|c Electronic Resources
|d Available Online
|t 0
|e E184.J5 T25 1998eb
|h Library of Congress classification
|
| 998 |
f |
f |
|a E184.J5 T25 1998eb
|t 0
|l Available Online
|